000 00446nam a2200181Ia 4500
005 20250603145739.0
008 250603s9999 xx 000 0 und d
020 _a9789788431602
050 _aTK 1056 .H37/
100 _aHaruna, Mohammed S.
245 0 _aSolar power system design, installation and maintenance
260 _aIbadan
260 _bSafari Books Ltd
260 _c2014
300 _a111 p
650 _aIbadan
942 _cBK
999 _c42734
_d42734